Evaluación de las condiciones de competitividad del sector frutícola chileno con relación a su inserción al mercado internacional entre los años 1993-2004
Bewaard in:
| Hoofdauteur: | |
|---|---|
| Formaat: | Boek |
| Taal: | Spaans |
| Gepubliceerd in: |
Arica
Universidad de Tarapacá
2006
|
| Editie: | 1a. ed |
| Onderwerpen: | |
| Tags: |
Voeg label toe
Geen labels, Wees de eerste die dit record labelt!
|
MARC
| LEADER | 00000nam a2200000 a 4500 | ||
|---|---|---|---|
| 001 | UCJ2613 | ||
| 003 | CL-VaPUC | ||
| 008 | 070104e20060000CL |||||||||||||||||spa|d | ||
| 020 | |a 9567021236 | ||
| 082 | 0 | 4 | |a 338.1 |b TAP |2 21 |
| 100 | 0 | |a Tapia Iturrieta, Luis |e author |9 503579 | |
| 245 | 1 | 0 | |a Evaluación de las condiciones de competitividad del sector frutícola chileno con relación a su inserción al mercado internacional entre los años 1993-2004 |
| 250 | |a 1a. ed | ||
| 300 | |a 147 p | ||
| 942 | |c BK | ||
| 945 | |d 20070104 00:00:00 |a jtorresc | ||
| 260 | |a Arica |b Universidad de Tarapacá |c 2006 | ||
| 650 | 0 | |a Fruticultura |9 259678 | |
| 650 | 7 | |a PRODUCTIVIDAD AGRICOLA |2 CL-VaPUC |9 264192 | |
| 650 | 7 | |a DESARROLLO TECNOLOGICO |2 CL-VaPUC |9 259800 | |
| 650 | 0 | |a Exportación |9 351066 | |
| 650 | 0 | |a Competitividad |9 308495 | |
| 650 | 7 | |a COMERCIO INTERNACIONAL |2 CL-VaPUC |9 503580 | |
| 583 | |a last modification |c 20070104 00:00:00 |k Rodrigo Vera | ||
| 999 | |c 318807 |d 318805 | ||
| 952 | |0 0 |1 0 |4 0 |6 338_100000000000000_TAP_2006 |7 0 |8 A |9 396947 |a BIBAGR |b BIBAGR |d 2019-11-22 |i 4308980 |o 338.1 TAP 2006 |p 4308980 |r 2025-01-20 |w 2019-11-22 |y BK |k AGR | ||